Phát triển kinh tế thị trường

Enregistré dans:
Détails bibliographiques
Auteur principal: PhạmThảo
Format: Livre
Langue:Vietnamese
Publié: Lý luận chính trị 2005
Tags: Ajouter un tag
Pas de tags, Soyez le premier à ajouter un tag!
Thư viện lưu trữ: Mạng thư viện Đại học Đà Nẵng
LEADER 00640nam a2200277 4500
001 000026840
003 891
005 20150325120000.0
008 150325s vm 000 vie
020 |c 35,0000 
040 |a NOTTS 
100 |a PhạmThảo 
245 |a Phát triển kinh tế thị trường 
260 |b Lý luận chính trị  |c 2005 
300 |a 323tr. ; 
OWN |a LTT 
999 |a From the UDN01 
TYP |a Monograph 
TYP |a Printed language 
980 |a Mạng thư viện Đại học Đà Nẵng